Разностные методы исследования задач теплообмена

Մատենագիտական մանրամասներ
Հիմնական հեղինակ: Берковский Б. М. Борис Михайлович
Այլ հեղինակներ: Ноготов Е. Ф. Евгений Фомич (редактор), Шашков А. Г.
Լեզու:ռուսերեն
Հրապարակվել է: Москва, Наука и техника, 1976
Խորագրեր:
Ձևաչափ: Գիրք
KOHA link:https://koha.lib.tpu.ru/cgi-bin/koha/opac-detail.pl?biblionumber=92836

MARC

LEADER 00000nam0a2200000 4500
001 92836
005 20231031104904.0
035 |a (RuTPU)RU\TPU\book\99442 
090 |a 92836 
100 |a 20060321d1976 m y0rusy50 ca 
101 0 |a rus 
102 |a BY 
105 |a a z 001zy 
200 1 |a Разностные методы исследования задач теплообмена  |f Б. М. Берковский, Е. Ф. Ноготов  |g под ред. А. Г. Шашкова 
210 |a Москва  |c Наука и техника  |d 1976 
215 |a 144 с.  |c ил. 
320 |a Библиогр.: с. 139-142. 
610 1 |a физика 
610 1 |a теплообмен 
610 1 |a конечные разности 
610 1 |a теплопроводность 
675 |a 536.2  |v 3 
700 1 |a Берковский  |b Б. М.  |g Борис Михайлович 
701 1 |a Ноготов  |b Е. Ф.  |g Евгений Фомич 
702 1 |a Шашков  |b А. Г.  |4 340 
801 1 |a RU  |b 63413507  |c 20060321  |g PSBO 
801 2 |a RU  |b 63413507  |c 20070118  |g PSBO 
942 |c BK